000 00488nam a2200169Ia 4500
008 090711s9999 xx 000 0 und d
082 _b36874
100 _aबोरकर लक्ष्मीदास
245 _aबूमरँग
260 _c1977
300 _a127
600 _aबोरकर लक्ष्मीदास
630 _aबूमरँग
700 _aबोरकर लक्ष्मीदास
730 _aबूमरँग
942 _cBOOK
999 _c287525
_d287525